000 00987nam a22002777a 4500
001 9865
003 FISKH
005 20260310092318.0
008 260310b cb ||||| |||| 00| 0 eng d
020 _a9781848697942
040 _aFISKH
_beng
_cFISKH
_dFISKH
050 _aPZ7 .B7649 .C
082 _a823.92
100 _aBright, Paul
_eAuthor
245 _aCrunch munch Dinosaur lunch /
_cPaul Bright ; Michael Terry
260 _aLondon :
_bLittile Tiger ,
_c2009
300 _a24 unnumbered pages :
_bcolor illustrations ;
_c24 cm
505 _aP
520 _aTy tyrannosaurus stomps through the jungle proving that he is brave, terrifying, and hungry, while his loving baby sister, Teri, keeps embarrassing him, but when she is threatened, Ty comes to the rescue.
521 8 _a600
_bLexile AD
521 8 _aP
_bRaz-Plus
650 _aChildren's fiction picture books
_vBrothers and sisters
650 _aSiblings
_vStorybook
942 _2ddc
_cBK
_n0
999 _c9865
_d9865